000
00200nam a22000857a 4500
008
161102b xxu||||| |||| 00| 0 eng d
050
_a
500
100
_a
dharen m. doshi
_9
1016
245
_a
mastering science 6
999
_c
3676
_d
3676